| 000 | 00413 a2200157 4500 | ||
|---|---|---|---|
| 005 | 20250621083838.0 | ||
| 020 | _a0-304-31509-5 | ||
| 082 | _a330.0246 PAP | ||
| 100 | _aPAPPAS, J. L. | ||
| 245 | _aManagerial Economics. | ||
| 250 | _a3rd Ed. | ||
| 260 |
_aNew York, _bThe Dryden Press, _c1983. |
||
| 300 |
_axiv, 561p.: ill.; graph, table _bIndex _c24cm |
||
| 700 | _aBRIGHAM, F. F. & SHIPLEY, B. | ||
| 942 |
_2ddc _cBKS |
||
| 999 |
_c433 _d433 |
||